000 00461nam a2200193 a 4500
001 BRCA_7200
005 20190320205740.0
008 160112s1953----nyua######---#000-0#eng-#
041 _aeng
044 _anyu
050 4 _aQ162
_b.S35
245 1 0 _aScientific American reader
260 _aNueva York
_bSimon & Schuster
_c1953
300 _a626 p.
_bil.
_c23 cm.
500 _aP94
650 1 4 _aCiencia
_vColecciones
_917842
902 _aGFM
942 _2lcc
_cB
999 _c6881
_d6881